|
|
|
|
| LEADER |
00799nam a2200217 a 4500 |
| 001 |
000427695 |
| 008 |
101204s1998 mau b 001|0 eng d |
| 010 |
|
|
|a 98122536
|
| 020 |
|
|
|a 155558179X
|
| 040 |
|
|
|a DLC
|c DLC
|d BD-DhAAL
|
| 082 |
0 |
0 |
|a 005.4/53
|2 21
|
| 100 |
1 |
|
|a Morgan, Robert.
|
| 245 |
1 |
0 |
|a Building an optimizing compiler /
|c Robert Morgan.
|
| 260 |
|
|
|a Boston :
|b Butterworth-Heinemann,
|c c1998.
|
| 300 |
|
|
|a xiv, 450 p. ;
|c 24 cm.
|
| 504 |
|
|
|a Includes bibliographical references (p. 429-434) and index.
|
| 541 |
1 |
|
|e 00010472
|
| 650 |
|
0 |
|a Compilers (Computer programs)
|
| 852 |
4 |
|
|a Ayesha Abed Library
|j General Shelf.
|
| 999 |
|
|
|c 10127
|d 10127
|
| 952 |
|
|
|0 0
|1 0
|2 ddc
|4 0
|6 005_453000000000000_MOR
|7 0
|9 13402
|a BRACUL
|b BRACUL
|c GEN
|d 2010-12-04
|l 0
|o 005.453 MOR
|p 3010010472
|r 2010-12-04
|t 1
|w 2010-12-04
|y BK
|